000
00292nam a2200121Ia 4500
008
190802s9999 xx 000 0 und d
020
_a
969-35-1491-2
100
_a
Intezaar Hussain
245
0
_a
Dehli Thaa Jes ka Naam
260
_a
Lahore
_b
Sang-e-Meal
_c
2007
300
_a
192:p
942
_c
BK
999
_c
2428
_d
2428